INTRODUCTION TO DATA COMPRESSION (Record no. 216709)

MARC details
000 -LEADER
fixed length control field 00531nam a22001817a 4500
008 - FIXED-LENGTH DATA ELEMENTS--GENERAL INFORMATION
fixed length control field 260226b |||||||| |||| 00| 0 eng d
020 ## - INTERNATIONAL STANDARD BOOK NUMBER
International Standard Book Number 978-0-1280-9474-7
050 ## - LIBRARY OF CONGRESS CALL NUMBER
Classification number QA 76.9 .D3 S29 2018
100 ## - MAIN ENTRY--PERSONAL NAME
Personal name SAYOOD KHALID
245 ## - TITLE STATEMENT
Title INTRODUCTION TO DATA COMPRESSION
250 ## - EDITION STATEMENT
Edition statement 5TH EDITION
260 ## - PUBLICATION, DISTRIBUTION, ETC.
Place of publication, distribution, etc. HAMPSHIRE STREET .
Name of publisher, distributor, etc. MORGAN KAUFMANN PUBLISHERS.
Date of publication, distribution, etc. 2018.
300 ## - PHYSICAL DESCRIPTION
Extent XXIII,765P,:ILL
500 ## - GENERAL NOTE
General note INCLUDES APPENDIX,BIBLOGRAPHY, INDEX
650 ## - SUBJECT ADDED ENTRY
Topical term or geographic name entry element DATA COMPRESSION
942 ## - ADDED ENTRY ELEMENTS (KOHA)
Source of classification or shelving scheme Library of Congress Classification
Koha item type Long Loan Book
Holdings
Withdrawn status Lost status Source of classification or shelving scheme Damaged status Not for loan Collection Home library Current library Shelving location Date acquired Inventory number Total checkouts Full call number Barcode Date last seen Copy number Price effective from Koha item type
    Library of Congress Classification     Science & Technology Kisii University Library Kisii University Library On Display 02/26/2026 111694   QA 76.9 .D3 S29 2018 A000765 02/26/2026 1 02/26/2026 Long Loan Book
    Library of Congress Classification     Science & Technology Kisii University Library Kisii University Library On Display 02/26/2026 111695   QA 76.9 .D3 S29 2018 A000758 02/26/2026 2 02/26/2026 Long Loan Book
    Library of Congress Classification     Science & Technology Kisii University Library Kisii University Library On Display 02/26/2026 111696   QA 76.9 .D3 S29 2018 A000763 02/26/2026 3 02/26/2026 Long Loan Book